000 00428nam a2200145 i 4500
001 69835
003 ES-MaACL
007 t|
008 040712s1909 sp ||||1| spa d
100 1 _aGarcía Hurtado, Saturnino.
_954783
245 1 0 _aEnsayo de patología social /
_cpor Saturnino García Hurtado.
260 _aMadrid :
_b[s.n.,
_c1909] (
_fValentín Tordesillas)
300 _a222 p. ;
_c17 cm.
852 _aES-MaACL
_jG-13976
999 _c69835
_d69835